00445nam a2200169Ia 4500003000400000005001700004008004000021020001800061040000700079041000800086082001500094100001700109245006400126260005400190300001200244700001900256OSt20250829151029.0210210b2010 xxu||||| |||| 00| 0 eng d a9788184571875 cAL aeng a320.8 HOOF aHooja Rakesh aFifty years of panchayati raj and decentralised development aNew DelhibKanishka Publishers Distributorsc2010 axi,384p aDutt, Sunil Ed